000 04386namaa22004211i 4500
003 OSt
005 20260506105845.0
008 250827s2024 ua a|||frm||| 000 0 eng d
040 _aEG-GICUC
_bara
_cEG-GICUC
_dEG-GICUC
_erda
041 0 _aara
_bara
_beng
049 _aإيداع
082 0 4 _a808.83
092 _a808.83
_221
097 _aدكتوراه‎
099 _aCai01.02.06.Ph.D.2024.سا.و
100 0 _a،سارة صالح رمضان علي
_eإعداد.
245 1 2 _aالواقعيّة السّحريّة بين روايتي نزيف الحجر لإبراهيم الكوني ومملكة هذا العالم لأليخو كاربنتيير :
_bدراسة مقارنة /
_cإعداد سارة صالح رمضان علي؛ إشراف أ.د/ أحمد عبد العزيز.
246 1 5 _aMagical realism between nazif al hajar the bleeding of the stone by ibrahim al-koni and the kingdom of this world by alejo carpentier :
_bA comparative study /
264 0 _c2024.
300 _a241 صفحة :
_bإيضاحيات ؛
_c25 سم. +
_eCD.
336 _atext
_2rda content
337 _aUnmediated
_2rdamedia
338 _avolume
_2rdacarrier
502 _aأطروحة (دكتوراه)-جامعة القاهرة، 2024.
504 _aببليوجرافيا: صفحات 235-241.
520 _aتسعى الدراسة إلى تحديد معالم الواقعية السحرية وتوضيح جوانبه في روايتي "نزيف الحجر " لإبراهيم الكوني الأديب الليبي والعالمي، و"مملكة هذا العالم " لأليخو كاربنتيير الأديب الكوبي المتعدد الأصول والثقافات. الواقعية السحرية هي الإيمان بكل ما يخالف الواقع ويخترقه، وجعله كأنه حقيقة معيشة، بل والدفاع عن تلك الحقيقة وتعليق كل الآمال عليها، وهذه الحقيقة متمثلة بإيمان أسوف في نزيف الحجر بالودان العظيم- وهو نوع من المواشي يشبه الظبي- وماحوله من طبيعة صحراوية ساحرة، وفي رواية مملكة هذا العالم لأليخو كاربنتيير فهذه الحقيقة هي إيمان السود بالتحرر من قبل مخلصهم ماكندال الذي قتل في ثورة من ثوراتهم على البيض. كل هذا يُدرس بطابع المقارنة بين عناصر الروايتين والسياق الثقافي والمرجعيات الثقافية لكل منهما.
520 _a This study is about defining and fixing signposts of the MAGICAL REALISM and clarify its sides in NAZIF AL HAGAR by Ibrahim Al Koni, the Libyan and international literator. And THE KINGDOM OF THIS WORLD by Alejo Carpentier the Cuban liturator, the multicultural for his multiple origins. Therefore the Magical Realism is the believe of all what is against reality like it is a way of living and making it as a culture or even a religion, and this belief is represented in the way that Aswaf in Nazif Al Hagar with Wadan- the type of livestock- and what around it of nature Full of magic, religion and cultural heritage. In addition, this believe is also appeared in The Kingdom of this world, in what slaves see as a fact that Maccandal-their savior- will appear and save them from slavery after he has died in one of their revolutions. All of this has been represented in terms of the genre called MAGICAL REALISM and finding it inside both of two novels, with clarifying the cultural context and the cultural references between both noveles in comparative way of study.
530 _aصدر أيضًا كقرص مدمج.
546 _aالنص بالعربية والملخص باللغة الإنجليزية والعربية.
650 7 _aالروائيون
_2qrmak
650 7 _aفن كتابة القصة
653 0 _aالواقعية السحرية
_aالسرد وفن الرواية
_aالسياق الثقافي والمرجعيات الثقافية
700 0 _aأحمد عبد العزيز
_eمشرف أطروحة.
900 _b01-01-2024
_cأحمد عبد العزيز
_Uجامعة القاهرة
_Fكلية الآداب
_Dقسم اللغة العربية
905 _aSara
_eAfaf
942 _2ddc
_cTH
_e21
_n0
999 _c179850